000
00296nam a22001337a 4500
008
171106b xxu||||| |||| 00| 0 eng d
020
_a
0060428821
041
_a
eng
080
_a
330722.6
100
_a
61
101
_a
KON
245
_a
INTERNATIONAL ACCOUTING
_c
HOLZER.H.P
942
_2
udc
_c
BK
999
_c
37889
_d
37889